MARC

LEADER 00000nam0a2200000 4500
001 39693
005 20231101210555.0
010 |a 5824301298 
035 |a (RuTPU)RU\TPU\book\40566 
090 |a 39693 
100 |a 20020411d2000 k y0rusy50 ca 
101 0 |a rus 
102 |a RU 
105 |a y z 001zy 
200 1 |a Предыстория интеллекта  |f М. Б. Туровский 
210 |a Москва  |c РОССПЭН  |d 2000 
215 |a 575 с. 
225 1 |a Философы России ХХ века 
320 |a Библиогр.: с. 563-569. 
320 |a Указ. имен: с. 570-571. 
606 1 |a Русская философия  |x история  |z 20 в.  |2 stltpush  |3 (RuTPU)RU\TPU\subj\67507  |9 83282 
610 1 |a философия 
610 1 |a 20 век 
610 1 |a философская антропология 
610 1 |a антропогенез 
610 1 |a эволюционный процесс 
610 1 |a диалектика 
610 1 |a генетическая логика 
610 1 |a мышление 
610 1 |a первобытный коллектив 
610 1 |a биология 
610 1 |a труд 
686 |a Ю3(2)6  |v LBC/SL-A  |2 rubbk 
700 1 |a Туровский  |b М. Б.  |g Марк Борисович 
801 1 |a RU  |b 63413507  |c 20020411  |g PSBO 
801 2 |a RU  |b 63413507  |c 20141110  |g PSBO 
942 |c BK